State government public enterprises: concept, performance and accountability (Record no. 498337)

000 -LEADER
fixed length control field 00417cam a22001097a 4500
008 - FIXED-LENGTH DATA ELEMENTS--GENERAL INFORMATION
fixed length control field 180718b1989 xxu||||| |||| 00| 0 eng d
082 ## - DEWEY DECIMAL CLASSIFICATION NUMBER
Classification number U61x54 In2/1981-87
245 ## - TITLE STATEMENT
Title State government public enterprises: concept, performance and accountability
Statement of responsibility, etc. by Indian Audit and Accounts Department
260 ## - PUBLICATION, DISTRIBUTION, ETC.
Place of publication, distribution, etc. New Delhi
Name of publisher, distributor, etc. Comptroller and Auditor General
Date of publication, distribution, etc. 1989
300 ## - PHYSICAL DESCRIPTION
Extent 220p
700 ## - ADDED ENTRY--PERSONAL NAME
Personal name Indian Audit and Accounts Department
Holdings
Withdrawn status Lost status Damaged status Not for loan Permanent Location Current Location Date acquired Full call number Barcode Date last seen Price effective from Koha item type
        Indian Institute of Public Administration Indian Institute of Public Administration 2018-08-04 U61x54 In2/1981-87 GG20912 2018-08-04 2018-08-04 GG

Powered by Koha